Normal view
MARC view
Entry Término temático
001 - NÚMERO DE CONTROL
- campo de control: 89655
003 - IDENTIFICADOR DEL NÚMERO DE CONTROL
- campo de control: DO-SdBNP
005 - FECHA Y HORA DE LA ÚLTIMA TRANSACCIÓN
- campo de control: 20260518210609.0
008 - DATOS DE LONGITUD FIJA
- campo de control de longitud fija: 260518|| aza||aabn | a|a d
040 ## - FUENTE DE LA CATALOGACIÓN
- Centro catalogador/agencia de origen: DO-SdBNP
- Centro/agencia transcriptor: DO-SdBNP
150 ## - ENCABEZAMIENTO--TÉRMINO DE MATERIA
- Término de materia o nombre geográfico como elemento de entrada: Turismo sostenible
- Subdivisión geográfica: República Dominicana
670 ## - FUENTE DE DATOS ENCONTRADOS
- Cita de la fuente: Work cat.: (DO-SdBNP)20051: García Salazar, Gregorio, 1959- 25127 aut. autor, Agroecoturismo en la República Dominicana = Agro-ecoturism in the Dominican Republic /
